[Event "20 ans"]
[Site "?"]
[Date "2016.10.22"]
[Round "3.3"]
[White "Deac, Bogdan-Daniel"]
[Black "Andriasian, Zaven"]
[Result "1/2-1/2"]
[BlackElo "2622"]
[WhiteElo "2543"]
[LiveChessVersion "1.4.6"]

1. Nf3 {[%clk 1:30:56]} d5 {[%clk 1:30:18]} 2. d4 {[%clk 1:31:24]} Nf6
{[%clk 1:29:21]} 3. c4 {[%clk 1:31:41]} c6 {[%clk 1:29:44]} 4. Nc3
{[%clk 1:32:00]} dxc4 {[%clk 1:30:05]} 5. a4 {[%clk 1:32:23]} Bf5
{[%clk 1:30:24]} 6. Ne5 {[%clk 1:32:49]} Nbd7 {[%clk 1:30:41]} 7. Nxc4
{[%clk 1:33:17]} Qc7 {[%clk 1:30:52]} 8. Qd2 {[%clk 1:33:09]} g6 {[%clk 1:31:08]}
9. f3 {[%clk 1:29:19]} e5 {[%clk 1:30:40]} 10. e4 {[%clk 1:23:29]} exd4
{[%clk 1:30:23]} 11. Ne2 {[%clk 1:23:53]} Be6 {[%clk 1:29:52]} 12. Nxd4
{[%clk 1:12:48]} Bxc4 {[%clk 1:30:12]} 13. Bxc4 {[%clk 1:13:14]} Bd6
{[%clk 1:30:33]} 14. Ne2 {[%clk 0:41:44]} O-O-O {[%clk 1:24:26]} 15. Qc2
{[%clk 0:38:57]} Ne5 {[%clk 1:02:40]} 16. Bd2 {[%clk 0:37:20]} Nxc4
{[%clk 0:49:31]} 17. Qxc4 {[%clk 0:36:52]} Bxh2 {[%clk 0:49:02]} 18. O-O-O
{[%clk 0:35:29]} Nh5 {[%clk 0:41:29]} 19. Kb1 {[%clk 0:31:56]} Be5
{[%clk 0:38:18]} 20. Be3 {[%clk 0:30:59]} a6 {[%clk 0:30:25]} 21. Rxd8+
{[%clk 0:25:17]} Rxd8 {[%clk 0:30:10]} 22. g4 {[%clk 0:25:42]} Nf6
{[%clk 0:27:54]} 23. Bc1 {[%clk 0:25:35]} Qd7 {[%clk 0:22:07]} 24. f4
{[%clk 0:23:49]} Bc7 {[%clk 0:21:38]} 25. e5 {[%clk 0:24:01]} b5 {[%clk 0:16:17]}
26. Qc2 {[%clk 0:22:23]} Nxg4 {[%clk 0:13:42]} 27. Rxh7 {[%clk 0:22:28]} g5
{[%clk 0:12:55]} 28. axb5 {[%clk 0:21:49]} axb5 {[%clk 0:13:10]} 29. Qb3
{[%clk 0:22:08]} Qf5+ {[%clk 0:12:45]} 30. Qc2 {[%clk 0:22:24]} Qxc2+
{[%clk 0:12:55]} 31. Kxc2 {[%clk 0:22:38]} gxf4 {[%clk 0:12:28]} 32. Rxf7
{[%clk 0:17:45]} Nxe5 {[%clk 0:11:39]} 33. Rxf4 {[%clk 0:18:01]} Kb7
{[%clk 0:10:31]} 34. Re4 {[%clk 0:17:46]} Nd3 {[%clk 0:08:52]} 35. Rd4
{[%clk 0:15:22]} Nxc1 {[%clk 0:09:01]} 36. Kxc1 {[%clk 0:15:47]} Rh8
{[%clk 0:09:20]} 37. Re4 {[%clk 0:15:15]} Bd6 {[%clk 0:08:53]} 38. Re6
{[%clk 0:13:10]} Bc5 {[%clk 0:09:15]} 39. Kc2 {[%clk 0:13:13]} Kb6
{[%clk 0:08:04]} 40. Nc1 {[%clk 0:12:59]} Bd4 {[%clk 0:08:08]} 41. b3
{[%clk 0:12:37]} Rh5 {[%clk 0:07:02]} 42. Nd3 {[%clk 0:12:39]} Rh2+
{[%clk 0:07:12]} 43. Kc1 {[%clk 0:13:00]} Rh3 {[%clk 0:03:36]} 44. Kc2
{[%clk 0:13:06]} Kc7 {[%clk 0:03:54]} 45. Re4 {[%clk 0:13:20]} Rh2+
{[%clk 0:04:02]} 46. Kd1 {[%clk 0:13:06]} Bc3 {[%clk 0:04:02]} 47. Re2
{[%clk 0:13:27]} Rh4 {[%clk 0:03:52]} 48. Re6 {[%clk 0:11:40]} Bd4
{[%clk 0:03:29]} 49. Kd2 {[%clk 0:09:36]} Kd7 {[%clk 0:03:41]} 50. Rg6
{[%clk 0:09:22]} Rh2+ {[%clk 0:04:04]} 51. Kc1 {[%clk 0:08:34]} c5
{[%clk 0:03:57]} 52. Rg3 {[%clk 0:06:05]} c4 {[%clk 0:03:12]} 53. bxc4
{[%clk 0:06:09]} bxc4 {[%clk 0:03:41]} 54. Nb4 {[%clk 0:06:17]} Kd6
{[%clk 0:03:09]} 55. Nc2 {[%clk 0:06:14]} Be5 {[%clk 0:02:31]} 56. Rg4
{[%clk 0:04:30]} Rh1+ {[%clk 0:01:14]} 57. Kd2 {[%clk 0:04:53]} Rh2+
{[%clk 0:01:37]} 58. Kc1 {[%clk 0:05:18]} Kc5 {[%clk 0:01:11]} 59. Rg5
{[%clk 0:05:23]} Re2 {[%clk 0:01:31]} 60. Kd1 {[%clk 0:05:37]} Re4
{[%clk 0:01:53]} 61. Rg2 {[%clk 0:05:15]} Bd6 {[%clk 0:01:28]} 62. Rg5+
{[%clk 0:04:49]} Kc6 {[%clk 0:01:50]} 63. Rh5 {[%clk 0:04:22]} Bc5
{[%clk 0:01:12]} 64. Kd2 {[%clk 0:04:40]} Be7 {[%clk 0:00:59]} 65. Rf5
{[%clk 0:04:31]} Kd7 {[%clk 0:00:38]} 66. Rd5+ {[%clk 0:04:52]} Ke6
{[%clk 0:00:55]} 67. Rd4 {[%clk 0:05:17]} Bg5+ {[%clk 0:00:56]} 68. Kd1
{[%clk 0:05:39]} Rxd4+ {[%clk 0:01:10]} 69. Nxd4+ {[%clk 0:06:01]} Kd5
{[%clk 0:01:37]} 70. Nc2 {[%clk 0:06:20]} c3 {[%clk 0:02:01]} 71. Na3
{[%clk 0:06:46]} Be7 {[%clk 0:02:16]} 72. Nb1 {[%clk 0:07:10]} Kc4
{[%clk 0:02:42]} 73. Nxc3 {[%clk 0:07:32]} Kxc3 {[%clk 0:03:06]} 1/2-1/2

[Event "20 ans"]
[Site "?"]
[Date "2016.10.22"]
[Round "3.4"]
[White "Onischuk, Vladimir"]
[Black "Bellahcene, Bilel"]
[Result "1-0"]
[BlackElo "2475"]
[WhiteElo "2602"]
[LiveChessVersion "1.4.6"]

1. e4 {[%clk 1:30:42]} c5 {[%clk 1:30:55]} 2. Nf3 {[%clk 1:31:05]} d6
{[%clk 1:31:19]} 3. d4 {[%clk 1:31:27]} cxd4 {[%clk 1:31:45]} 4. Nxd4
{[%clk 1:31:48]} Nf6 {[%clk 1:32:11]} 5. Nc3 {[%clk 1:32:11]} a6 {[%clk 1:32:36]}
6. a4 {[%clk 1:32:00]} e5 {[%clk 1:32:55]} 7. Nf3 {[%clk 1:32:13]} Qc7
{[%clk 1:33:18]} 8. Bg5 {[%clk 1:32:20]} Nbd7 {[%clk 1:33:41]} 9. Nd2
{[%clk 1:32:30]} h6 {[%clk 1:33:59]} 10. Bh4 {[%clk 1:32:51]} g5 {[%clk 1:34:22]}
11. Bg3 {[%clk 1:32:59]} Nc5 {[%clk 1:34:41]} 12. h4 {[%clk 1:32:27]} g4
{[%clk 1:34:56]} 13. h5 {[%clk 1:32:20]} Be6 {[%clk 1:35:21]} 14. Bh4
{[%clk 1:30:52]} Ncd7 {[%clk 1:25:19]} 15. g3 {[%clk 1:19:12]} Nxh5
{[%clk 1:15:01]} 16. Nd5 {[%clk 1:04:48]} Bxd5 {[%clk 1:12:03]} 17. exd5
{[%clk 1:05:08]} Nhf6 {[%clk 1:08:53]} 18. Nc4 {[%clk 1:00:36]} h5
{[%clk 1:00:14]} 19. Ne3 {[%clk 0:54:40]} Rg8 {[%clk 0:56:13]} 20. Nf5
{[%clk 0:50:48]} Qb6 {[%clk 0:50:36]} 21. Bg2 {[%clk 0:48:23]} Qb4+
{[%clk 0:41:42]} 22. c3 {[%clk 0:46:34]} Qc4 {[%clk 0:41:43]} 23. a5
{[%clk 0:43:18]} Rg6 {[%clk 0:40:22]} 24. Ra4 {[%clk 0:42:12]} Qc7
{[%clk 0:31:18]} 25. Rb4 {[%clk 0:34:07]} Nc5 {[%clk 0:24:25]} 26. Rb6
{[%clk 0:16:57]} Qd7 {[%clk 0:18:52]} 27. Ne3 {[%clk 0:08:54]} Nfe4
{[%clk 0:09:11]} 28. Qc2 {[%clk 0:03:11]} Ng5 {[%clk 0:07:04]} 29. b4
{[%clk 0:01:41]} Na4 {[%clk 0:06:09]} 30. Rxa6 {[%clk 0:01:32]} bxa6
{[%clk 0:02:15]} 1-0

[Event "20 ans"]
[Site "?"]
[Date "2016.10.22"]
[Round "3.5"]
[White "Mikhalevski, Victor"]
[Black "Vocaturo, Daniele"]
[Result "1/2-1/2"]
[BlackElo "2600"]
[WhiteElo "2523"]
[LiveChessVersion "1.4.6"]

1. d4 {[%clk 1:22:24]} e6 {[%clk 1:29:36]} 2. Bf4 {[%clk 1:21:48]} Nf6
{[%clk 1:29:19]} 3. Nf3 {[%clk 1:21:58]} c5 {[%clk 1:28:39]} 4. e3
{[%clk 1:22:07]} Nc6 {[%clk 1:24:34]} 5. c3 {[%clk 1:22:03]} d5 {[%clk 1:24:37]}
6. Nbd2 {[%clk 1:22:12]} Bd6 {[%clk 1:24:32]} 7. Bg3 {[%clk 1:21:01]} O-O
{[%clk 1:24:13]} 8. Bd3 {[%clk 1:21:15]} b6 {[%clk 1:22:23]} 9. Ne5
{[%clk 1:17:54]} Bb7 {[%clk 1:19:54]} 10. f4 {[%clk 1:14:13]} Ne7
{[%clk 1:16:24]} 11. Qb1 {[%clk 1:11:28]} g6 {[%clk 1:09:56]} 12. Bf2
{[%clk 0:57:38]} Nd7 {[%clk 1:07:11]} 13. O-O {[%clk 0:53:31]} f6
{[%clk 1:06:15]} 14. Nef3 {[%clk 0:52:53]} Qe8 {[%clk 0:54:47]} 15. Bg3
{[%clk 0:49:20]} Nf5 {[%clk 0:53:12]} 16. e4 {[%clk 0:49:08]} Nxg3
{[%clk 0:51:51]} 17. hxg3 {[%clk 0:49:32]} cxd4 {[%clk 0:51:05]} 18. cxd4
{[%clk 0:36:54]} e5 19. exd5 {[%clk 0:36:54]} Bxd5 {[%clk 0:37:18]} 20. Be4
{[%clk 0:33:53]} Bxe4 {[%clk 0:30:59]} 21. Nxe4 {[%clk 0:33:21]} Qe7
{[%clk 0:26:03]} 22. fxe5 {[%clk 0:20:40]} fxe5 {[%clk 0:26:27]} 23. d5
{[%clk 0:21:05]} Bc5+ {[%clk 0:25:21]} 24. Kh1 {[%clk 0:21:05]} Rf5
{[%clk 0:19:48]} 25. g4 {[%clk 0:19:59]} Rf4 {[%clk 0:19:40]} 26. g3
{[%clk 0:20:07]} Rff8 {[%clk 0:16:59]} 27. Qd3 {[%clk 0:18:11]} Nf6
{[%clk 0:16:39]} 28. d6 {[%clk 0:17:55]} Qb7 {[%clk 0:14:17]} 29. Nfg5
{[%clk 0:14:40]} Bxd6 {[%clk 0:12:24]} 30. Qxd6 {[%clk 0:11:52]} Nxe4
{[%clk 0:12:02]} 31. Qe6+ {[%clk 0:12:13]} Kh8 {[%clk 0:10:43]} 32. Qxe5+
{[%clk 0:10:53]} Nf6+ {[%clk 0:10:44]} 33. Kg1 {[%clk 0:11:17]} Qd5
{[%clk 0:09:51]} 34. Qxd5 {[%clk 0:08:56]} Nxd5 {[%clk 0:10:20]} 35. Rae1
{[%clk 0:08:54]} Rxf1+ {[%clk 0:09:45]} 36. Kxf1 {[%clk 0:09:16]} Kg8
{[%clk 0:08:08]} 37. Ne4 {[%clk 0:07:40]} h6 {[%clk 0:07:34]} 38. g5
{[%clk 0:06:51]} hxg5 {[%clk 0:07:24]} 39. Nxg5 {[%clk 0:07:13]} Rf8+
{[%clk 0:06:12]} 40. Kg2 {[%clk 0:07:18]} Rf5 {[%clk 0:06:16]} 41. Re8+
{[%clk 0:06:52]} Rf8 {[%clk 0:06:31]} 42. Rxf8+ {[%clk 0:06:05]} Kxf8
{[%clk 0:06:55]} 43. Kf3 {[%clk 0:06:31]} Nb4 {[%clk 0:05:00]} 44. a3
{[%clk 0:06:30]} Nd3 {[%clk 0:05:20]} 45. b4 {[%clk 0:06:49]} Ne1+
{[%clk 0:05:18]} 46. Ke4 {[%clk 0:06:45]} Nc2 {[%clk 0:05:42]} 47. Ne6+
{[%clk 0:06:35]} Ke7 {[%clk 0:05:44]} 48. Nf4 {[%clk 0:05:50]} Kf7
{[%clk 0:05:32]} 49. Kd5 {[%clk 0:05:04]} Nxa3 {[%clk 0:05:52]} 50. Kc6
{[%clk 0:05:31]} Nc2 {[%clk 0:04:54]} 51. Nd3 {[%clk 0:04:14]} Kf6
{[%clk 0:01:55]} 52. Kb7 {[%clk 0:03:14]} a5 {[%clk 0:02:17]} 53. bxa5
{[%clk 0:03:40]} bxa5 {[%clk 0:02:37]} 54. Nc5 {[%clk 0:04:09]} Kf5
{[%clk 0:02:23]} 55. Kb6 {[%clk 0:04:34]} Nd4 {[%clk 0:02:09]} 56. Kxa5
{[%clk 0:04:51]} Ne2 {[%clk 0:02:35]} 57. Kb4 {[%clk 0:04:33]} Nxg3
{[%clk 0:02:58]} 58. Kc4 {[%clk 0:04:58]} Ne4 {[%clk 0:03:07]} 59. Nb3
{[%clk 0:05:00]} Kf4 {[%clk 0:02:44]} 60. Kd3 {[%clk 0:04:35]} g5
{[%clk 0:02:57]} 61. Nd4 {[%clk 0:04:58]} g4 {[%clk 0:02:43]} 62. Ne2+
{[%clk 0:05:18]} Ke5 {[%clk 0:02:59]} 63. Ke3 {[%clk 0:05:43]} g3
{[%clk 0:03:10]} 64. Nxg3 {[%clk 0:06:09]} 1/2-1/2

[Event "20 ans"]
[Site "?"]
[Date "2016.10.22"]
[Round "3.6"]
[White "Arutyunova, Diana"]
[Black "Donchenko, Alexander"]
[Result "0-1"]
[BlackElo "2581"]
[WhiteElo "2220"]
[LiveChessVersion "1.4.6"]

1. e4 {[%clk 1:27:47]} c5 {[%clk 1:30:51]} 2. Nf3 {[%clk 1:21:42]} d6
{[%clk 1:31:10]} 3. Bb5+ {[%clk 1:21:53]} Nd7 {[%clk 1:30:49]} 4. c3
{[%clk 1:18:25]} Ngf6 {[%clk 1:28:33]} 5. Qe2 {[%clk 1:16:42]} a6
{[%clk 1:27:25]} 6. Ba4 {[%clk 1:17:00]} b5 {[%clk 1:20:16]} 7. Bc2
{[%clk 1:17:19]} Bb7 {[%clk 1:20:24]} 8. d4 {[%clk 1:13:13]} e5 {[%clk 1:15:45]}
9. O-O {[%clk 1:09:35]} Be7 {[%clk 1:15:10]} 10. Rd1 {[%clk 0:57:46]} Qb6
{[%clk 1:10:37]} 11. d5 {[%clk 0:41:48]} O-O {[%clk 1:09:00]} 12. Nh4
{[%clk 0:37:30]} g6 {[%clk 1:06:03]} 13. Rd3 {[%clk 0:33:30]} Ne8
{[%clk 0:57:23]} 14. Rh3 {[%clk 0:27:07]} Qd8 {[%clk 0:56:05]} 15. Nf3
{[%clk 0:15:15]} Ndf6 {[%clk 0:55:19]} 16. Bh6 {[%clk 0:14:10]} Ng7
{[%clk 0:55:21]} 17. Qd2 {[%clk 0:13:27]} Bc8 {[%clk 0:49:05]} 18. Bxg7
{[%clk 0:11:02]} Kxg7 {[%clk 0:49:23]} 19. Qh6+ {[%clk 0:11:05]} Kh8
{[%clk 0:49:26]} 20. Rh4 {[%clk 0:09:58]} Rg8 {[%clk 0:49:27]} 21. a4
{[%clk 0:02:35]} Rg7 {[%clk 0:48:44]} 22. Qe3 {[%clk 0:00:40]} Ng8
{[%clk 0:48:19]} 23. g3 {[%clk 0:00:55]} g5 {[%clk 0:48:17]} 24. Rh5
{[%clk 0:00:43]} Bg4 {[%clk 0:48:39]} 25. axb5 {[%clk 0:01:06]} Bxh5
{[%clk 0:48:39]} 26. Rxa6 {[%clk 0:00:58]} Rxa6 {[%clk 0:48:13]} 27. bxa6
{[%clk 0:01:24]} Qc8 {[%clk 0:46:01]} 28. Bd3 {[%clk 0:00:46]} c4
{[%clk 0:45:37]} 29. Bxc4 {[%clk 0:01:15]} Qxc4 {[%clk 0:45:00]} 30. a7
{[%clk 0:01:39]} Qa6 {[%clk 0:44:57]} 31. c4 {[%clk 0:01:51]} Bxf3
{[%clk 0:44:55]} 32. Qa3 {[%clk 0:01:56]} Qxc4 {[%clk 0:44:27]} 33. Qxf3
{[%clk 0:02:06]} Qc8 {[%clk 0:43:40]} 34. Qc3 {[%clk 0:02:15]} Qb7
{[%clk 0:42:09]} 35. Qa5 {[%clk 0:01:16]} Qa8 {[%clk 0:42:37]} 36. Qc7
{[%clk 0:01:34]} Nf6 {[%clk 0:42:19]} 37. Nc3 {[%clk 0:02:03]} Qe8
{[%clk 0:41:05]} 38. b4 {[%clk 0:01:08]} Rg8 {[%clk 0:41:02]} 39. b5
{[%clk 0:01:33]} Nd7 {[%clk 0:40:12]} 40. b6 {[%clk 0:01:23]} Bd8
{[%clk 0:38:54]} 41. Qxd6 {[%clk 0:00:32]} Bxb6 {[%clk 0:38:32]} 42. Nb5
{[%clk 0:00:32]} Bxa7 {[%clk 0:32:30]} 43. Nxa7 {[%clk 0:00:59]} Rg6
{[%clk 0:32:49]} 44. Qc7 {[%clk 0:01:22]} Nf6 {[%clk 0:28:58]} 45. Nc8
{[%clk 0:00:45]} Nxe4 {[%clk 0:27:48]} 46. d6 {[%clk 0:01:13]} Nf6
{[%clk 0:27:16]} 47. Nb6 {[%clk 0:01:15]} Rg8 {[%clk 0:27:06]} 48. Qc3 0-1

[Event "20 ans"]
[Site "?"]
[Date "2016.10.22"]
[Round "3.7"]
[White "Loiseau, Quentin"]
[Black "Meskovs, Nikita"]
[Result "1-0"]
[BlackElo "2483"]
[WhiteElo "2439"]
[LiveChessVersion "1.4.6"]

1. d4 {[%clk 1:30:52]} Nf6 {[%clk 1:30:53]} 2. c4 {[%clk 1:31:13]} c5
{[%clk 1:31:17]} 3. d5 {[%clk 1:31:38]} e6 {[%clk 1:31:43]} 4. Nf3
{[%clk 1:31:41]} exd5 {[%clk 1:31:57]} 5. cxd5 {[%clk 1:32:05]} d6
{[%clk 1:32:24]} 6. e4 {[%clk 1:31:35]} a6 {[%clk 1:32:19]} 7. Bd3
{[%clk 1:30:08]} g6 {[%clk 1:32:27]} 8. h3 {[%clk 1:30:21]} Bg7 {[%clk 1:31:38]}
9. a4 {[%clk 1:30:20]} O-O {[%clk 1:27:01]} 10. Nbd2 {[%clk 1:29:21]} Re8
{[%clk 1:21:53]} 11. O-O {[%clk 1:28:35]} b6 {[%clk 1:16:35]} 12. Re1
{[%clk 1:25:22]} Bb7 {[%clk 1:09:24]} 13. Ra3 {[%clk 1:13:18]} Re7
{[%clk 0:56:17]} 14. Qb3 {[%clk 1:06:19]} Nbd7 {[%clk 0:52:12]} 15. Nc4
{[%clk 1:04:30]} Ne8 {[%clk 0:50:10]} 16. Bf4 {[%clk 1:03:20]} Qc7
{[%clk 0:50:34]} 17. Raa1 {[%clk 0:52:34]} Rb8 {[%clk 0:49:02]} 18. Bg5
{[%clk 0:19:26]} f6 {[%clk 0:47:15]} 19. Bf4 {[%clk 0:18:35]} Bc8
{[%clk 0:46:32]} 20. Qc2 {[%clk 0:17:14]} Ne5 {[%clk 0:45:21]} 21. Nfxe5
{[%clk 0:14:17]} fxe5 {[%clk 0:43:05]} 22. Be3 {[%clk 0:14:18]} b5
{[%clk 0:37:18]} 23. axb5 {[%clk 0:14:28]} axb5 {[%clk 0:37:45]} 24. Nd2
{[%clk 0:14:48]} Nf6 {[%clk 0:37:27]} 25. Be2 {[%clk 0:14:14]} Qd8
{[%clk 0:24:38]} 26. Ra2 {[%clk 0:13:47]} Rc7 {[%clk 0:21:39]} 27. Rea1
{[%clk 0:14:00]} c4 {[%clk 0:21:06]} 28. Ra7 {[%clk 0:11:46]} Ne8
{[%clk 0:15:24]} 29. b4 {[%clk 0:11:07]} Bf6 {[%clk 0:13:34]} 30. Nb1
{[%clk 0:08:56]} Bg5 {[%clk 0:08:06]} 31. Qc1 {[%clk 0:09:23]} h6
{[%clk 0:08:30]} 32. Nc3 {[%clk 0:09:39]} Bxe3 {[%clk 0:08:02]} 33. Qxe3
{[%clk 0:10:07]} Qg5 {[%clk 0:08:24]} 34. Qxg5 {[%clk 0:09:16]} hxg5
{[%clk 0:08:53]} 35. Ra8 {[%clk 0:09:23]} Rxa8 {[%clk 0:06:23]} 36. Rxa8
{[%clk 0:09:51]} Bd7 {[%clk 0:05:49]} 37. Bg4 {[%clk 0:05:09]} Bxg4
{[%clk 0:06:18]} 38. hxg4 {[%clk 0:03:42]} Kf7 {[%clk 0:06:47]} 39. Ra5
{[%clk 0:03:21]} Rb7 {[%clk 0:04:52]} 40. Rxb5 {[%clk 0:03:38]} Rxb5
{[%clk 0:04:58]} 41. Nxb5 Ke7 {[%clk 0:05:26]} 42. Na3 {[%clk 0:03:03]} c3
{[%clk 0:04:52]} 43. Kf1 {[%clk 0:03:29]} Nc7 {[%clk 0:02:34]} 44. Ke2
{[%clk 0:03:50]} Na6 {[%clk 0:03:02]} 45. Nc2 {[%clk 0:04:12]} Nc7
{[%clk 0:03:31]} 46. Kd3 {[%clk 0:04:19]} Nb5 {[%clk 0:03:33]} 47. Kc4
{[%clk 0:04:44]} Nd4 {[%clk 0:03:57]} 48. Kxc3 {[%clk 0:05:10]} Ne2+
{[%clk 0:02:48]} 49. Kd2 {[%clk 0:05:30]} Nf4 {[%clk 0:03:01]} 50. g3
{[%clk 0:05:55]} Nh3 {[%clk 0:03:21]} 51. Ke3 {[%clk 0:06:00]} 1-0

[Event "20 ans"]
[Site "?"]
[Date "2016.10.22"]
[Round "3.8"]
[White "Gharamian, Tigran"]
[Black "Kogan, Arthur"]
[Result "1-0"]
[BlackElo "2530"]
[WhiteElo "2626"]
[LiveChessVersion "1.4.6"]

1. e4 {[%clk 1:29:15]} c5 {[%clk 1:30:42]} 2. Nf3 {[%clk 1:29:37]} Nc6
{[%clk 1:30:46]} 3. Bb5 {[%clk 1:29:52]} e6 {[%clk 1:30:58]} 4. O-O
{[%clk 1:30:10]} Nge7 {[%clk 1:31:08]} 5. d4 {[%clk 1:30:32]} cxd4
{[%clk 1:30:55]} 6. Nxd4 {[%clk 1:30:50]} Qb6 {[%clk 1:28:23]} 7. Nxc6
{[%clk 1:30:51]} bxc6 {[%clk 1:23:00]} 8. Bd3 {[%clk 1:30:16]} Ng6
{[%clk 1:21:34]} 9. c4 {[%clk 1:30:03]} Bd6 {[%clk 1:14:33]} 10. Nc3
{[%clk 1:26:13]} O-O {[%clk 1:11:28]} 11. Rb1 {[%clk 1:17:11]} Be5
{[%clk 1:05:14]} 12. Kh1 {[%clk 1:10:15]} Nf4 {[%clk 0:56:10]} 13. Bc2
{[%clk 1:00:24]} Ba6 {[%clk 0:55:10]} 14. Na4 {[%clk 0:55:44]} Qc7
{[%clk 0:51:50]} 15. b3 {[%clk 0:55:13]} Rad8 {[%clk 0:44:14]} 16. Nc5
{[%clk 0:37:05]} Bc8 {[%clk 0:43:13]} 17. Nd3 {[%clk 0:36:46]} f6
{[%clk 0:33:36]} 18. Nxe5 {[%clk 0:31:10]} fxe5 {[%clk 0:33:38]} 19. g3
{[%clk 0:31:32]} Ng6 {[%clk 0:32:42]} 20. Bg5 {[%clk 0:31:49]} Rde8
{[%clk 0:32:21]} 21. c5 {[%clk 0:31:44]} Qa5 {[%clk 0:17:13]} 22. Be3
{[%clk 0:29:18]} Ba6 {[%clk 0:13:08]} 23. Bd3 {[%clk 0:27:24]} Bxd3
{[%clk 0:13:04]} 24. Qxd3 {[%clk 0:27:49]} Rf7 {[%clk 0:13:27]} 25. a4
{[%clk 0:25:38]} Rb8 {[%clk 0:11:15]} 26. Rfc1 {[%clk 0:21:41]} Qd8
{[%clk 0:07:37]} 27. b4 {[%clk 0:20:45]} Qf6 {[%clk 0:06:37]} 28. Qe2
{[%clk 0:20:33]} a6 {[%clk 0:06:05]} 29. Rd1 {[%clk 0:20:25]} Ra8
{[%clk 0:05:01]} 30. Kg1 {[%clk 0:18:11]} Nf4 {[%clk 0:03:58]} 31. gxf4
{[%clk 0:15:24]} Qg6+ {[%clk 0:02:48]} 32. Kh1 {[%clk 0:15:34]} exf4
{[%clk 0:02:30]} 33. Bd2 {[%clk 0:13:40]} f3 {[%clk 0:02:54]} 34. Qf1
{[%clk 0:14:06]} Qxe4 {[%clk 0:03:21]} 35. Be3 {[%clk 0:12:19]} e5
{[%clk 0:02:26]} 36. Qd3 {[%clk 0:12:17]} Qh4 {[%clk 0:02:49]} 37. Rg1
{[%clk 0:12:02]} Re8 {[%clk 0:02:17]} 38. Qxa6 {[%clk 0:09:43]} Rf5
{[%clk 0:02:29]} 39. Rg3 {[%clk 0:10:01]} Rh5 {[%clk 0:02:20]} 40. h3
{[%clk 0:10:25]} Qe4 {[%clk 0:00:37]} 41. Rc1 {[%clk 0:09:04]} Qf5
{[%clk 0:00:37]} 42. Kh2 {[%clk 0:08:39]} e4 {[%clk 0:00:37]} 43. Qc4+
{[%clk 0:08:46]} Re6 {[%clk 0:00:57]} 44. Qd4 {[%clk 0:07:15]} Rg6
{[%clk 0:01:01]} 45. Rcg1 {[%clk 0:07:17]} Rxh3+ {[%clk 0:00:48]} 46. Rxh3
{[%clk 0:07:37]} Rxg1 {[%clk 0:01:13]} 47. Kxg1 {[%clk 0:04:40]} Qxh3
{[%clk 0:01:14]} 48. Qc4+ {[%clk 0:05:07]} Kf8 {[%clk 0:00:31]} 49. Qf1
{[%clk 0:05:28]} Qh4 {[%clk 0:00:35]} 50. a5 {[%clk 0:05:12]} Ke7
{[%clk 0:00:32]} 51. a6 {[%clk 0:05:01]} g5 {[%clk 0:00:38]} 52. a7
{[%clk 0:05:04]} g4 {[%clk 0:01:00]} 53. Qa1 {[%clk 0:04:23]} 1-0

[Event "20 ans"]
[Site "?"]
[Date "2016.10.22"]
[Round "4.1"]
[White "Moiseenko, Alexander"]
[Black "Onischuk, Vladimir"]
[Result "1-0"]
[BlackElo "2602"]
[WhiteElo "2648"]
[LiveChessVersion "1.4.6"]

1. d4 {[%clk 1:30:58]} d6 {[%clk 1:30:49]} 2. e4 {[%clk 1:31:20]} Nf6
{[%clk 1:31:10]} 3. Nc3 {[%clk 1:31:44]} g6 {[%clk 1:31:23]} 4. Be3
{[%clk 1:31:49]} c6 {[%clk 1:30:39]} 5. Qd2 {[%clk 1:31:43]} Nbd7
{[%clk 1:30:41]} 6. Nf3 {[%clk 1:31:58]} e5 {[%clk 1:30:13]} 7. O-O-O
{[%clk 1:31:49]} Qe7 {[%clk 1:27:57]} 8. h3 {[%clk 1:32:10]} a6 {[%clk 1:22:34]}
9. dxe5 {[%clk 1:31:56]} dxe5 {[%clk 1:22:09]} 10. g4 {[%clk 1:32:22]} Bg7
{[%clk 1:16:42]} 11. Ne1 {[%clk 1:31:03]} h5 {[%clk 1:02:22]} 12. Rg1
{[%clk 1:25:43]} hxg4 {[%clk 0:55:14]} 13. hxg4 {[%clk 1:21:42]} b5
{[%clk 0:51:06]} 14. Nd3 {[%clk 1:16:00]} Bb7 {[%clk 0:45:35]} 15. f3
{[%clk 1:07:53]} Nh7 {[%clk 0:33:46]} 16. Rh1 {[%clk 0:57:14]} Nhf8
{[%clk 0:30:06]} 17. Rxh8 {[%clk 0:57:18]} Bxh8 {[%clk 0:30:30]} 18. g5
{[%clk 0:57:36]} Bg7 {[%clk 0:21:07]} 19. Bh3 {[%clk 0:56:59]} Rd8
{[%clk 0:21:19]} 20. Kb1 {[%clk 0:50:06]} Bc8 {[%clk 0:19:57]} 21. a3
{[%clk 0:44:59]} Ne6 {[%clk 0:19:00]} 22. Bxe6 {[%clk 0:27:17]} Qxe6
{[%clk 0:19:13]} 23. Na2 {[%clk 0:27:26]} Bf8 {[%clk 0:01:37]} 24. Nac1
{[%clk 0:24:24]} Be7 {[%clk 0:01:16]} 25. Nb3 {[%clk 0:24:22]} c5
{[%clk 0:01:08]} 26. Qh2 {[%clk 0:23:16]} c4 {[%clk 0:00:50]} 27. Ndc5
{[%clk 0:23:23]} Qc6 {[%clk 0:00:46]} 28. Nxd7 {[%clk 0:20:53]} Rxd7
{[%clk 0:00:59]} 29. Qh8+ {[%clk 0:21:04]} Bf8 {[%clk 0:01:26]} 30. Rxd7
{[%clk 0:21:02]} Kxd7 {[%clk 0:00:40]} 31. Qxf8 {[%clk 0:21:14]} cxb3
{[%clk 0:01:07]} 32. Qxf7+ {[%clk 0:21:08]} Kd8 {[%clk 0:01:28]} 33. Qf8+
{[%clk 0:18:07]} Kd7 {[%clk 0:00:51]} 34. Qg7+ {[%clk 0:16:53]} Kd8
{[%clk 0:00:40]} 35. Qf8+ {[%clk 0:06:52]} Kd7 {[%clk 0:01:00]} 36. Qf7+
{[%clk 0:06:57]} Kd8 {[%clk 0:01:16]} 37. Qxb3 {[%clk 0:07:21]} Qc4
{[%clk 0:00:51]} 38. Qd3+ {[%clk 0:06:48]} Ke7 {[%clk 0:00:41]} 39. b3
{[%clk 0:06:32]} Qc6 {[%clk 0:00:41]} 40. Bd2 {[%clk 0:06:31]} Bh3
{[%clk 0:00:34]} 41. Bb4+ {[%clk 0:06:49]} Ke8 {[%clk 0:00:35]} 42. Bd6
{[%clk 0:05:19]} Bf1 {[%clk 0:00:41]} 43. Qxf1 {[%clk 0:04:52]} Qxd6
{[%clk 0:01:08]} 44. Qd3 {[%clk 0:04:46]} Qe7 {[%clk 0:00:53]} 45. Qd2
{[%clk 0:04:14]} Qxa3 {[%clk 0:00:40]} 46. Qd5 {[%clk 0:04:42]} Qe7
{[%clk 0:00:34]} 47. Qg8+ {[%clk 0:05:00]} Kd7 {[%clk 0:00:58]} 48. Qxg6
{[%clk 0:05:22]} a5 {[%clk 0:01:16]} 49. Qf5+ {[%clk 0:05:00]} Kd6
{[%clk 0:01:25]} 50. f4 {[%clk 0:04:09]} exf4 {[%clk 0:01:40]} 51. Qxf4+
{[%clk 0:03:27]} Kc5 {[%clk 0:01:59]} 52. Qf2+ {[%clk 0:03:50]} Kb4
{[%clk 0:01:45]} 53. Qd2+ {[%clk 0:04:15]} 1-0